20 zufällige Wappen der Landkreise - Statistiken

Allgemein
  • Dieses Quiz wurde 57 mal gespielt
    17 seit der letzten Aktualisierung
  • Das Durchschnittsergebnis liegt bei 10 aus 20
Antwortstatistiken
Bildquiz Antwort % Korrekt
Bodenseekreis
100%
Darmstadt
100%
Jena
100%
Karlsruhe (Stadtkreis)
100%
Kreis Düren
100%
Kreis Wesel
100%
Landkreis Eichsfeld
100%
Landkreis Groß-Gerau
100%
Landkreis Heilbronn
100%
Landkreis Kaiserslautern
100%
Landkreis Lörrach
100%
Landkreis Ludwigslust-Parchim
100%
Landkreis Neustadt an der Aisch-Bad Windsheim
100%
Landkreis Nienburg/Weser
100%
Landkreis Nordsachsen
100%
Landkreis Offenbach
100%
Landkreis Reutlingen
100%
Landkreis Trier-Saarburg
100%
Landkreis Wittenberg
100%
Leipzig (Stadt)
100%
Ludwigshafen am Rhein
100%
Magdeburg
100%
Mainz
100%
Osnabrück (Stadt)
100%
Pirmasens
100%
Salzlandkreis
100%
Solingen
100%
Weiden in der Oberpfalz
100%
Burgenlandkreis
67%
Alb-Donau-Kreis
0%
Altmarkkreis Salzwedel
0%
Amberg
0%
Ansbach (Stadt)
0%
Aschaffenburg (Stadt)
0%
Augsburg (Stadt)
0%
Baden-Baden
0%
Bamberg (Stadt)
0%
Bayreuth (Stadt)
0%
Berlin
0%
Bielefeld
0%
Bochum
0%
Bonn
0%
Bottrop
0%
Brandenburg an der Havel
0%
Braunschweig
0%
Bremen
0%
Bremerhaven
0%
Chemnitz
0%
Coburg (Stadt)
0%
Cottbus
0%
Delmenhorst
0%
Dessau-Roßlau
0%
Donnersbergkreis
0%
Dortmund
0%
Dresden
0%
Duisburg
0%
Düsseldorf
0%
Eifelkreis Bitburg-Prüm
0%
Emden
0%
Ennepe-Ruhr-Kreis
0%
Enzkreis
0%
Erfurt
0%
Erlangen
0%
Erzgebirgskreis
0%
Essen
0%
Flensburg
0%
Frankenthal (Pfalz)
0%
Frankfurt am Main
0%
Frankfurt (Oder)
0%
Freiburg im Breisgau
0%
Fürth (Stadt)
0%
Gelsenkirchen
0%
Gera
0%
Hagen
0%
Halle (Saale)
0%
Hamburg
0%
Hamm
0%
Hanau
0%
Heidekreis
0%
Heidelberg
0%
Heilbronn (Stadtkreis)
0%
Herne
0%
Hochsauerlandkreis
0%
Hochtaunuskreis
0%
Hof (Stadt)
0%
Hohenlohekreis
0%
Ilm-Kreis
0%
Ingolstadt
0%
Kaiserslautern (Stadt)
0%
Kassel (Stadt)
0%
Kaufbeuren
0%
Kempten (Allgäu)
0%
Kiel
0%
Koblenz
0%
Köln
0%
Krefeld
0%
Kreis Borken
0%
Kreis Coesfeld
0%
Kreis Dithmarschen
0%
Kreis Euskirchen
0%
Kreis Gütersloh
0%
Kreis Heinsberg
0%
Kreis Herford
0%
Kreis Herzogtum Lauenburg
0%
Kreis Höxter
0%
Kreis Kleve
0%
Kreis Lippe
0%
Kreis Mettmann
0%
Kreis Minden-Lübbecke
0%
Kreis Nordfriesland
0%
Kreis Olpe
0%
Kreis Ostholstein
0%
Kreis Paderborn
0%
Kreis Pinneberg
0%
Kreis Plön
0%
Kreis Recklinghausen
0%
Kreis Rendsburg-Eckernförde
0%
Kreis Schleswig-Flensburg
0%
Kreis Segeberg
0%
Kreis Siegen-Wittgenstein
0%
Kreis Soest
0%
Kreis Steinburg
0%
Kreis Steinfurt
0%
Kreis Stormarn
0%
Kreis Unna
0%
Kreis Viersen
0%
Kreis Warendorf
0%
Kyffhäuserkreis
0%
Lahn-Dill-Kreis
0%
Landau in der Pfalz
0%
Landkreis Ahrweiler
0%
Landkreis Aichach-Friedberg
0%
Landkreis Altenburger Land
0%
Landkreis Altenkirchen (Westerwald)
0%
Landkreis Altötting
0%
Landkreis Alzey-Worms
0%
Landkreis Amberg-Sulzbach
0%
Landkreis Ammerland
0%
Landkreis Anhalt-Bitterfeld
0%
Landkreis Ansbach
0%
Landkreis Aschaffenburg
0%
Landkreis Augsburg
0%
Landkreis Aurich
0%
Landkreis Bad Dürkheim
0%
Landkreis Bad Kissingen
0%
Landkreis Bad Kreuznach
0%
Landkreis Bad Tölz-Wolfratshausen
0%
Landkreis Bamberg
0%
Landkreis Barnim
0%
Landkreis Bautzen
0%
Landkreis Bayreuth
0%
Landkreis Berchtesgadener Land
0%
Landkreis Bergstraße
0%
Landkreis Bernkastel-Wittlich
0%
Landkreis Biberach
0%
Landkreis Birkenfeld
0%
Landkreis Böblingen
0%
Landkreis Börde
0%
Landkreis Breisgau-Hochschwarzwald
0%
Landkreis Calw
0%
Landkreis Celle
0%
Landkreis Cham
0%
Landkreis Cloppenburg
0%
Landkreis Coburg
0%
Landkreis Cochem-Zell
0%
Landkreis Cuxhaven
0%
Landkreis Dachau
0%
Landkreis Dahme-Spreewald
0%
Landkreis Darmstadt-Dieburg
0%
Landkreis Deggendorf
0%
Landkreis Diepholz
0%
Landkreis Dillingen an der Donau
0%
Landkreis Dingolfing-Landau
0%
Landkreis Donau-Ries
0%
Landkreis Ebersberg
0%
Landkreis Eichstätt
0%
Landkreis Elbe-Elster
0%
Landkreis Emmendingen
0%
Landkreis Emsland
0%
Landkreis Erding
0%
Landkreis Erlangen-Höchstadt
0%
Landkreis Esslingen
0%
Landkreis Forchheim
0%
Landkreis Freising
0%
Landkreis Freudenstadt
0%
Landkreis Freyung-Grafenau
0%
Landkreis Friesland
0%
Landkreis Fulda
0%
Landkreis Fürstenfeldbruck
0%
Landkreis Fürth
0%
Landkreis Garmisch-Partenkirchen
0%
Landkreis Germersheim
0%
Landkreis Gießen
0%
Landkreis Gifhorn
0%
Landkreis Göppingen
0%
Landkreis Görlitz
0%
Landkreis Goslar
0%
Landkreis Gotha
0%
Landkreis Göttingen
0%
Landkreis Grafschaft Bentheim
0%
Landkreis Greiz
0%
Landkreis Günzburg
0%
Landkreis Hameln-Pyrmont
0%
Landkreis Harburg
0%
Landkreis Harz
0%
Landkreis Haßberge
0%
Landkreis Havelland
0%
Landkreis Heidenheim
0%
Landkreis Helmstedt
0%
Landkreis Hersfeld-Rotenburg
0%
Landkreis Hildburghausen
0%
Landkreis Hildesheim
0%
Landkreis Hof
0%
Landkreis Holzminden
0%
Landkreis Jerichower Land
0%
Landkreis Karlsruhe
0%
Landkreis Kassel
0%
Landkreis Kelheim
0%
Landkreis Kitzingen
0%
Landkreis Konstanz
0%
Landkreis Kronach
0%
Landkreis Kulmbach
0%
Landkreis Kusel
0%
Landkreis Landsberg am Lech
0%
Landkreis Landshut
0%
Landkreis Leer
0%
Landkreis Leipzig
0%
Landkreis Lichtenfels
0%
Landkreis Limburg-Weilburg
0%
Landkreis Lindau (Bodensee)
0%
Landkreis Lüchow-Dannenberg
0%
Landkreis Ludwigsburg
0%
Landkreis Lüneburg
0%
Landkreis Main-Spessart
0%
Landkreis Mainz-Bingen
0%
Landkreis Mansfeld-Südharz
0%
Landkreis Marburg-Biedenkopf
0%
Landkreis Märkisch-Oderland
0%
Landkreis Mayen-Koblenz
0%
Landkreis Mecklenburgische Seenplatte
0%
Landkreis Meißen
0%
Landkreis Merzig-Wadern
0%
Landkreis Miesbach
0%
Landkreis Miltenberg
0%
Landkreis Mittelsachsen
0%
Landkreis Mühldorf am Inn
0%
Landkreis München
0%
Landkreis Neuburg-Schrobenhausen
0%
Landkreis Neumarkt in der Oberpfalz
0%
Landkreis Neunkirchen
0%
Landkreis Neustadt an der Waldnaab
0%
Landkreis Neu-Ulm
0%
Landkreis Neuwied
0%
Landkreis Nordhausen
0%
Landkreis Nordwestmecklenburg
0%
Landkreis Northeim
0%
Landkreis Nürnberger Land
0%
Landkreis Oberallgäu
0%
Landkreis Oberhavel
0%
Landkreis Oberspreewald-Lausitz
0%
Landkreis Oder-Spree
0%
Landkreis Oldenburg
0%
Landkreis Osnabrück
0%
Landkreis Ostallgäu
0%
Landkreis Osterholz
0%
Landkreis Ostprignitz-Ruppin
0%
Landkreis Passau
0%
Landkreis Peine
0%
Landkreis Pfaffenhofen an der Ilm
0%
Landkreis Potsdam-Mittelmark
0%
Landkreis Prignitz
0%
Landkreis Rastatt
0%
Landkreis Ravensburg
0%
Landkreis Regen
0%
Landkreis Regensburg
0%
Landkreis Rhön-Grabfeld
0%
Landkreis Rosenheim
0%
Landkreis Rostock
0%
Landkreis Rotenburg (Wümme)
0%
Landkreis Roth
0%
Landkreis Rottal-Inn
0%
Landkreis Rottweil
0%
Landkreis Saalfeld-Rudolstadt
0%
Landkreis Saarlouis
0%
Landkreis Sächsische Schweiz-Osterzgebirge
0%
Landkreis Schaumburg
0%
Landkreis Schmalkalden-Meiningen
0%
Landkreis Schwäbisch Hall
0%
Landkreis Schwandorf
0%
Landkreis Schweinfurt
0%
Landkreis Sigmaringen
0%
Landkreis Sömmerda
0%
Landkreis Sonneberg
0%
Landkreis Spree-Neiße
0%
Landkreis Stade
0%
Landkreis Starnberg
0%
Landkreis Stendal
0%
Landkreis Straubing-Bogen
0%
Landkreis St. Wendel
0%
Landkreis Südliche Weinstraße
0%
Landkreis Südwestpfalz
0%
Landkreis Teltow-Fläming
0%
Landkreis Tirschenreuth
0%
Landkreis Traunstein
0%
Landkreis Tübingen
0%
Landkreis Tuttlingen
0%
Landkreis Uckermark
0%
Landkreis Uelzen
0%
Landkreis Unterallgäu
0%
Landkreis Vechta
0%
Landkreis Verden
0%
Landkreis Vorpommern-Greifswald
0%
Landkreis Vorpommern-Rügen
0%
Landkreis Vulkaneifel
0%
Landkreis Waldeck-Frankenberg
0%
Landkreis Waldshut
0%
Landkreis Weilheim-Schongau
0%
Landkreis Weimarer Land
0%
Landkreis Weißenburg-Gunzenhausen
0%
Landkreis Wesermarsch
0%
Landkreis Wittmund
0%
Landkreis Wolfenbüttel
0%
Landkreis Wunsiedel im Fichtelgebirge
0%
Landkreis Würzburg
0%
Landkreis Zwickau
0%
Landshut (Stadt)
0%
Leverkusen
0%
Lübeck
0%
Main-Kinzig-Kreis
0%
Main-Tauber-Kreis
0%
Main-Taunus-Kreis
0%
Mannheim
0%
Märkischer Kreis
0%
Memmingen
0%
Mönchengladbach
0%
Mülheim an der Ruhr
0%
München (Stadt)
0%
Münster
0%
Neckar-Odenwald-Kreis
0%
Neumünster
0%
Neustadt an der Weinstraße
0%
Nürnberg
0%
Oberbergischer Kreis
0%
Oberhausen
0%
Odenwaldkreis
0%
Offenbach am Main (Stadt)
0%
Oldenburg (Stadt)
0%
Ortenaukreis
0%
Ostalbkreis
0%
Passau (Stadt)
0%
Pforzheim
0%
Potsdam
0%
Regensburg (Stadt)
0%
Regionalverband Saarbrücken
0%
Region Hannover
0%
Remscheid
0%
Rems-Murr-Kreis
0%
Rhein-Erft-Kreis
0%
Rheingau-Taunus-Kreis
0%
Rhein-Hunsrück-Kreis
0%
Rheinisch-Bergischer Kreis
0%
Rhein-Kreis Neuss
0%
Rhein-Lahn-Kreis
0%
Rhein-Neckar-Kreis
0%
Rhein-Pfalz-Kreis
0%
Rhein-Sieg-Kreis
0%
Rosenheim (Stadt)
0%
Rostock (Stadt)
0%
Saale-Holzland-Kreis
0%
Saalekreis
0%
Saale-Orla-Kreis
0%
Saarpfalz-Kreis
0%
Salzgitter
0%
Schwabach
0%
Schwalm-Eder-Kreis
0%
Schwarzwald-Baar-Kreis
0%
Schweinfurt (Stadt)
0%
Schwerin
0%
Speyer
0%
Städteregion Aachen
0%
Straubing
0%
Stuttgart
0%
Suhl
0%
Trier
0%
Ulm
0%
Unstrut-Hainich-Kreis
0%
Vogelsbergkreis
0%
Vogtlandkreis
0%
Wartburgkreis
0%
Weimar
0%
Werra-Meißner-Kreis
0%
Westerwaldkreis
0%
Wetteraukreis
0%
Wiesbaden
0%
Wilhelmshaven
0%
Wolfsburg
0%
Worms
0%
Wuppertal
0%
Würzburg
0%
Zollernalbkreis
0%
Zweibrücken
0%
Keine übereinstimmenden Quizze gefunden
Verteilung der Resultate
Anzahl Personen mit jedem Resultat
Perzentil nach korrekt beantworteten Fragen
Ihre Resultats-Entwicklung
Sie haben dieses Quiz seit der letzten Aktualisierung nicht gespielt